| Поле | Инд. | ПП | Название | Значение |
|---|---|---|---|---|
| Тип записи | a | |||
| Библиографический уровень | b | |||
| 001 | Контрольный номер | 9106729842e94ba7ba224aaf9b252a3f | ||
| 005 | Дата корректировки | 20220405162140.5 | ||
| 024 | 80 | a | Стандартный номер | DOI: 10.1088/1751-8121/abb0fe |
| 040 | b | Код языка каталог. | rus | |
| a | Служба первич. каталог. | Scopus | ||
| 041 | 0_ | a | Код языка текста | rus |
| 097 | a | Костяева О.Г. | ||
| 100 | 1_ | a | Автор | Andrei N. |
| 100 | 1_ | a | Автор | Bissi A. |
| 100 | 1_ | a | Автор | Buican M. |
| 100 | 1_ | a | Автор | Cardy J. |
| 100 | 1_ | a | Автор | Fursaev D. |
| c | Титул (звания) | доцент (ученое звание); доктор физико-математических наук; доцент (должность); ректор; заведующий кафедрой; | ||
| g | Прочие сведения | РИНЦ AuthorID: 34800 (http://elibrary.ru/author_profile.asp?id=34800); SPIN-код: 8851-0726 (http://elibrary.ru/author_items.asp?authorid=34800); ORCID ID: orcid.org/0000-0002-5693-3112; ResearcherID: O-5598-2016 (http://www.researcherid.com/rid/O-5598-2016) | ||
| i | 000089865 | |||
| j | Принадлежность неизвестного автора к последователям, ученикам, сторонникам, школе и т. д. | государственный университет "Дубна" | ||
| k | Ректорат | |||
| q | Полное имя | Фурсаев Дмитрий Владимирович | ||
| u | Дополнение | Fursaev D. V.; Фурсаев Д. В. | ||
| 245 | 10 | a | Заглавие | Boundary and defect CFT: open problems and applications |
| 513 | a | передано на оплату | ||
| b | IV квартал 2020 | |||
| 773 | 18 | t | Название источника | Journal of Physics A: Mathematical and Theoretical |
| b | Сведения об издании | Institute of Physics and IOP Publishing Ltd. | ||
| c | Великобритания | |||
| d | Место и дата издания | 2020 | ||
| m | Специф. данные | входит в Scopus;входит в WoS;Входит в ядро РИНЦ;зарубежный журнал;ненулевой импакт-фактор; | ||
| p | J. Phys. A-Math. Theor. | |||
| q | Q1 Scopus; Q2 WoS | |||
| o | Прочие индексы | wos 1.865, scopus 1.45 | ||
| x | ISSN | 1751-8113 | ||
| g | Прочая информация | V. 53. - № 45. - P. 453002 | ||
| w | Контрольный № источника | 99d69de53d6a4cc29a4ddad8d6b9762c | ||
| 901 | t | Тип документа | b | |
| 952 | c | Вид литературы | статья в журнале | |
| c | Вид литературы | обзор |